00555nam a2200145Ia 4500008004100000100001900041245009300060245004500153260004900198260000900247650001300256856004800269999001900317952007300336170221s9999 xx 000 0 und d aJohn D. Morgan 4aThe relationship of CPA exam delay after graduation to institutional CPA exam pass rates cJohn D. Morgan, Winona State University. bJournal of Management and Marketing Research c2011 xBusiness uhttp://www.aabri.com/manuscripts/142062.pdf c309834d309834 001040aCLbCLd2017-02-21l0r2017-02-21 00:00:00w2017-02-21yFOJ